La Migración internacional en tiempos de globalización: varios lugares a la vez /
Desde hace años surge un nuevo tipo de migración: la transmigración y con ella los transmigrantes. La migración ya no es la situación de vida excepcional, sino que se convierte en una forma de existencia. El espacio social de la vida cotidiana de los transmigrantes y las instituciones sociales invol...
Guardado en:
| 主要作者: | |
|---|---|
| 格式: | Texto |
| 主題: | |
| 標簽: |
添加標簽
沒有標簽, 成為第一個標記此記錄!
|
MARC
| LEADER | 00000 a a2200000 04500 | ||
|---|---|---|---|
| 001 | 10621 | ||
| 003 | |||
| 040 | |||
| 100 | |a Pries, Ludger | ||
| 245 | |a La Migración internacional en tiempos de globalización: |b varios lugares a la vez / |c Ludger Pries | ||
| 520 | |a Desde hace años surge un nuevo tipo de migración: la transmigración y con ella los transmigrantes. La migración ya no es la situación de vida excepcional, sino que se convierte en una forma de existencia. El espacio social de la vida cotidiana de los transmigrantes y las instituciones sociales involucradas no se limita a un lugar unilocal, sino que se entreteje entre diferentes lugares, y se halla en un espacio plurilocal y transnacional. Teniendo en cuenta el hecho empírico de la transmigración deben reconsiderarse numerosos conceptos teóricos como el Estado-nación, sociedad nacional y migración. También habría que reflexionar sobre las consecuencias práctico-teóricas de estos espacios sociales transnacionales. REV/SCM | ||
| 650 | |a MIGRACION | ||
| 650 | |a MIGRACION INTERNACIONAL | ||
| 650 | |a CAMBIO CULTURAL | ||
| 650 | |a ACULTURACION | ||
| 650 | |a ASIMILACION DE MIGRANTES | ||
| 773 | |g número 164; páginas 56-68 | ||
| 999 | |c 32835 |d 32835 | ||
